Biblioteka Instytutu Północnego w Olsztynie

Widok standardowy Widok MARC

Pozycja Corporate Name

Liczba rekordów, w których użyto hasła: 2

001 - Numer kontrolny

  • control field: 39322

003 - Identyfikator numeru kontrolnego

  • control field: NUKAT

005 - Data i czas ostatniej modyfikacji

  • control field: 20260331142500.0

008 - Dane kontrolne kodowane (40 znaków)

  • fixed length control field: 180926n||azznnbabn |a ana |

010 ## - Numer kontrolny Biblioteki Kongresu

  • numer kontrolny LC: p 2018259070

024 7# - OTHER STANDARD IDENTIFIER

  • Standard number or code: 117154076017211860004
  • Source of number or code: viaf

035 ## - Numer systemowy

  • numer systemowy: a38279307

035 ## - Numer systemowy

  • numer systemowy: (PL)a0000003827930

040 ## - Instytucja sporządzająca rekord

  • inst. przygot. dane do rek. khw: WA N
  • język haseł przedmiotowych/tezaurus: DBN
  • inst. wprow. rek. khw: WA N

043 ## - Kod obszaru geograficznego

  • ISO code: PL

046 ## - Special dates

  • Establishment date: 1946

110 2# - Hasło - nazwa ciała zbiorowego

  • nazwa ciała zbior. lub geogr. na pocz.: Diecezja Mazurska (Kościół Ewangelicko-Augsburski w RP)

368 ## - Other Attributes

  • Corp type: Diecezje

370 ## - Associated place

  • Country: Polska

370 ## - Associated place

  • Residence/HQ: Olsztyn (woj. warmińsko-mazurskie)
  • End period: 20180217

370 ## - Associated place

  • Residence/HQ: Kętrzyn (woj. warmińsko-mazurskie)
  • Start period: 20180217

372 ## - Field of activity

  • Field: Duszpasterstwo

372 ## - Field of activity

  • Field: Ewangelicyzm augsburski

377 ## - Assoc lang

  • Lang code: pol

410 2# - Trop zob. - nazwa ciała zbiorowego

  • nazwa ciała zbior. lub geogr. na pocz.: Diecezja Mazurska

410 2# - Trop zob. - nazwa ciała zbiorowego

  • nazwa ciała zbior. lub geogr. na pocz.: Diecezja Mazurska Kościoła Ewangelicko-Augsburskiego w Rzeczpospolitej Polskiej

410 2# - Trop zob. - nazwa ciała zbiorowego

  • nazwa ciała zbior. lub geogr. na pocz.: Ewangelicka Diecezja Mazurska

410 2# - Trop zob. - nazwa ciała zbiorowego

  • nazwa ciała zbior. lub geogr. na pocz.: Kościół Ewangelicko-Augsburski w Polsce.
  • nazwa jednostki podrzędnej: Diecezja Mazurska

410 2# - Trop zob. - nazwa ciała zbiorowego

  • nazwa ciała zbior. lub geogr. na pocz.: Mazurska Diecezja

410 2# - Trop zob. - nazwa ciała zbiorowego

  • nazwa ciała zbior. lub geogr. na pocz.: Mazurska Diecezja Ewangelicka

510 2# - Trop zob. też - nazwa ciała zbiorowego

  • podpole kontrolne: g
  • nazwa ciała zbior. lub geogr. na pocz.: Kościół Ewangelicko-Augsburski w Polsce

551 ## - Trop zob. też - nazwa geograficzna

  • nazwa geograficzna: Diecezja mazurska (Kościół Ewangelicko-Augsburski w RP ; obszar)

670 ## - Źródło informacji

  • źródło informacji: Diecezja Mazurska 1945-2017 / Rudolf Bażanowski. W: Reminiscencje Reformacji. - Olsztyn, 2017.

670 ## - Źródło informacji

  • źródło informacji: Diecezja Mazurska KEA w RP.
  • adres internetowy: http://diec.mazurska.luteranie.pl/

670 ## - Źródło informacji

  • źródło informacji: Diecezja Mazurska.
  • adres internetowy: http://luter2017.pl/kosciol/diecezja-mazurska/

670 ## - Źródło informacji

  • źródło informacji: EKat

670 ## - Źródło informacji

  • źródło informacji: Wikipedia

682 ## - Informacja o usuniętym haśle

  • tekst wyjaśniający: zmienione z:
  • zastąpione hasło: Diecezja Mazurska
Biblioteka Instytutu Północnego, ul. Partyzantów 87, 10-402 Olsztyn, email: biblioteka(at)ip.olsztyn.pl